000 00843cam a22002893a 4500
001 8874
003 PGUSA
005 20140828083205.0
008 050901s2005||||xxu|||||s|||||000 1 eng d
040 _aPGUSA
_beng
042 _adc
050 4 _aPZ
100 1 _aWarner, Susan,
_d1819-1885
245 1 0 _aQueechy
_h[electronic resource] /
_cSusan Warner
260 _bProject Gutenberg,
_c2005
500 _aPseudonym: Wetherell, Elizabeth
506 _aPublic domain in the USA.
516 _aElectronic text
653 _aCountry life -- Juvenile fiction
653 _aFamily -- Juvenile fiction
653 _aConduct of life -- Juvenile fiction
653 _aGrandfathers -- Juvenile fiction
653 _aBildungsromans
830 0 _aProject Gutenberg
_v8874
856 4 0 _uhttp://www.gutenberg.org/ebooks/8874
942 _cEB
999 _c238158
_d238158